Local health traditions : (Record no. 170488)

MARC details
000 -LEADER
fixed length control field 00670nam a2200193 4500
005 - DATE AND TIME OF LATEST TRANSACTION
control field 20191216165650.0
010 ## - LCCN (DPL NO)
LC control number ENG-127158
020 ## - INTERNATIONAL STANDARD BOOK NUMBER
International Standard Book Number 9789352876617
Terms of availability 995.00
035 ## - SYSTEM CONTROL NUMBER
System control number EN-110690
037 ## - SOURCE OF ACQUISITION
Source of stock number/acquisition DBAD/PUB
082 ## - DEWEY DECIMAL CLASSIFICATION NUMBER
Classification number 615.882
245 ## - TITLE STATEMENT
Title Local health traditions :
Statement of responsibility, etc ed.by Arima Mishra
Remainder of title plurality and marginality in South Asia /
260 ## - PUBLICATION, DISTRIBUTION, ETC. (IMPRINT)
Place of publication, distribution, etc Hyderabad
Name of publisher, distributor, etc Orient Blankswan Private
Date of publication, distribution, etc 2019
270 ## - ADDRESS
Address 3-6-752 Himayatnagar, Hyderabad
City Telangana
Postal code 500029
Electronic mail address indo@orientblackswan.com
300 ## - PHYSICAL DESCRIPTION
Extent xvi;328p .
Dimensions 22cm(Hb)
500 ## - GENERAL NOTE
General note Includes bibliographical references and index
700 ## - ADDED ENTRY--PERSONAL NAME
Personal name Mishra, Arima
942 ## - ADDED ENTRY ELEMENTS (KOHA)
Source of classification or shelving scheme Dewey Decimal Classification
Item type English Books
Classification part 615.882
Call number suffix LOC
Holdings
Withdrawn status Lost status Not for loan Collection code Home library Current library Date acquired Source of acquisition Cost, normal purchase price Full call number Barcode Copy number Cost, replacement price Koha item type
      Non-fiction Patel Nagar Patel Nagar 16/12/2019 DBAD/PUB 995.00 615.882 LOC EN-110690 1 995.00 English Books

© Delhi Public Library
Hit Counter
free hit counter